Statistics for John Steinbeck Novels Quiz

Click here to take the quiz!

General Stats

  • This quiz has been taken 44 times
  • The average score is 4 of 12

Answer Stats

YearAnswer% Correct
1952East of Eden
86%
1939The Grapes of Wrath
84%
1945Cannery Row
51%
1935Tortilla Flat
46%
1961The Winter of Our Discontent
38%
1954Sweet Thursday
32%
1929Cup of Gold
27%
1942The Moon is Down
24%
1936In Dubious Battle
22%
1947The Wayward Bus
14%
1933To a God Unknown
11%
1957The Short Reign of Pippin IV: A Fabrication
0%

Score Distribution

Percentile by Number Answered

Percent of People with Each Score

Your Score History

You have not taken this quiz